=LDR 00000nam 2200000 4500 =001 INLIS000000000003831 =005 20130612092131 =008 ***********************************Ind** =035 ##$$0010-061300000003831 =041 ##$$a Ind =082 ##$$a 530.076 =090 ##$$a 530.076, Kam p =100 ##$$a Kamajaya =245 ##$$a Penuntun belajar fisika untuk kls. 3 berdasarkan kurikulum SMU 1994, Drs.Kamajaya =260 ##$$a 1996 $b Bandung =300 ##$$a 224 hlm., ilus., 29 ccm =650 ##$$a Fisika =650 ##$$a Studi dan pengajaran =850 ##$$a NBPNMAT